| 000 | 00455cam a22001337a 4500 | ||
|---|---|---|---|
| 008 | 180718b1985 xxu||||| |||| 00| 0 eng d | ||
| 082 | _aAPPPA 84-85 SAR | ||
| 100 | _aSarkar, Pritiman | ||
| 245 |
_aIndustrial relations in the Indian coal industry, 1960-1983: dissertation _cby Pritiman Sarkar |
||
| 260 |
_aNew Delhi _bIndian Institute of Public Administration _c1985 |
||
| 300 | _a308p. | ||
| 650 | _aIndian coal industry | ||
| 650 | _aIndustrial relations | ||
| 999 |
_c501377 _d501377 |
||